Medical microbiology (Record no. 2256)

MARC details
000 -LEADER
fixed length control field 00583nam a22002177a 4500
003 - CONTROL NUMBER IDENTIFIER
control field OSt
005 - DATE AND TIME OF LATEST TRANSACTION
control field 20150912001818.0
008 - FIXED-LENGTH DATA ELEMENTS--GENERAL INFORMATION
fixed length control field 150912b xxu||||| |||| 00| 0 eng d
020 ## - INTERNATIONAL STANDARD BOOK NUMBER
International Standard Book Number 9780323033039
040 ## - CATALOGING SOURCE
Transcribing agency DNLM
082 ## - DEWEY DECIMAL CLASSIFICATION NUMBER
Classification number QW4 M961m 2005
100 ## - MAIN ENTRY--PERSONAL NAME
Personal name Murray, Patrick R.
9 (RLIN) 1474
245 ## - TITLE STATEMENT
Title Medical microbiology
250 ## - EDITION STATEMENT
Edition statement 5th ed.
260 ## - PUBLICATION, DISTRIBUTION, ETC. (IMPRINT)
Place of publication, distribution, etc. Pennysvania;
Name of publisher, distributor, etc. Elsevier,
Date of publication, distribution, etc. 2005
300 ## - PHYSICAL DESCRIPTION
Extent x,963p;
Other physical details col.ill:
Dimensions 27cm
504 ## - BIBLIOGRAPHY, ETC. NOTE
Bibliography, etc Index included
650 ## - SUBJECT ADDED ENTRY--TOPICAL TERM
Topical term or geographic name as entry element Medical microbiology
9 (RLIN) 741
700 ## - ADDED ENTRY--PERSONAL NAME
Personal name Rosenthal, Ken S. ;Pfaller, Michael A.
9 (RLIN) 5720
942 ## - ADDED ENTRY ELEMENTS (KOHA)
Source of classification or shelving scheme Other/Generic Classification Scheme
Koha item type Open Shelf
Holdings
Withdrawn status Lost status Source of classification or shelving scheme Damaged status Not for loan Home library Current library Date acquired Source of acquisition Inventory number Total Checkouts Full call number Barcode Date last seen Date last checked out Koha item type Total Renewals Price effective from Public note
    Other/Generic Classification Scheme     MUST Main Library MUST Main Library 12/09/2015   08/29641 7 QW4 M961m 2005 2015-2248 23/03/2022 02/03/2020 Open Shelf      
    Other/Generic Classification Scheme     MUST Main Library MUST Main Library 22/06/2016 Purchase 10/32531 6 QW4 M961m 2005 2016-2631 30/01/2023 10/01/2023 Open Shelf 2    
    Other/Generic Classification Scheme     MUST Main Library MUST Main Library 23/02/2021 Purchase 07/28946   QW4 M961m 2005 2021-0222 23/02/2021   Open Shelf   23/02/2021 LIB. USE ONLY